Представление документа в формате RUSMARC

ПолеНазваниеЗначение
  Тип записи a
  Библиографический уровень m
001 Контрольный номер 5ebd7209bf114243921cdbc487e01263
005 Дата корректировки 20210315120812.7
101 Язык документа 0_
a Язык текста rus
102 Страна публикации __
a Страна публикации RU
200 Заглавие и сведения об ответственности 1_
a Заглавие Отчет о научно-исследовательской работе по теме: "Разработка научно-обоснованных предложений по оценке и управлению рисками в учетной деятельности" (заключительный)
b Общее обозначение материала Текст
f Первые сведения об ответственности АНОО ВО ЦС РФ РУК
210 Выходные данные 1_
a Место издания Москва
c Издательство РУК
d Дата издания 2021
215 Физическое описание __
a Объем 113 с.
300 Общие примечания __
a Общие примечания Список исполнителей: с. 2
320 Библиография __
a Библиография Список источников: с. 108-113
610 Ключевые слова 0_
a Ключевые слова отчет
a Ключевые слова научно-исследовательская работа
a Ключевые слова риски
a Ключевые слова учет
a Ключевые слова внутренний контроль
a Ключевые слова потребительские общества
a Ключевые слова цифровизация учета
a Ключевые слова потребительская кооперация
610 Ключевые слова 0_
a Ключевые слова РУК
610 Ключевые слова 0_
a Ключевые слова НИР
a Ключевые слова Российский университет кооперации
686 Индексы других классификаций __
a Классификационный индекс 65.052
711 Наименование организации. (Альтернативная ответственность) 02
a Организация/ юрисдикция АНОО ВО ЦС РФ РУК
801 Источник записи _0
a Страна RU
b Организация РУК
c Дата составления 20210315
g Правила каталогизации PSBO
801 Источник записи _1
a Страна RU
b Организация РУК
g Правила каталогизации PSBO
852 Данные о местонахождении __
i Авторский знак О-80
j Шифр хранения 65.052
901 Тип документа __
t Тип документа m
912 Принадлежность преподавателя к РУК __
a Принадлежность преподавателя к РУК преподаватель Головного вуза
937 Технологическая информация __
a Создатель записи (имя) Мясникова
938 Служебная информация __
a Название организации Головной вуз